Amos Fortune, free man / (Record no. 1634)

MARC details
000 -LEADER
fixed length control field 01274cam a2200313 a 4500
005 - DATE AND TIME OF LATEST TRANSACTION
control field 20231211152857.0
020 ## - INTERNATIONAL STANDARD BOOK NUMBER
International Standard Book Number 0140341587
040 ## - CATALOGING SOURCE
Original cataloging agency DLC
Transcribing agency DLC
Modifying agency DLC
-- FISKH
Language of cataloging eng
050 00 - LIBRARY OF CONGRESS CALL NUMBER
Classification number E185.97.F73
Item number Y3 1989
082 00 - DEWEY DECIMAL CLASSIFICATION NUMBER
Classification number 974.4/00496073024
-- B
-- 92
Edition number 19
100 1# - MAIN ENTRY--PERSONAL NAME
Personal name Yates, Elizabeth,
Dates associated with a name 1905-2001.
245 10 - TITLE STATEMENT
Title Amos Fortune, free man /
Statement of responsibility, etc. Elizabeth Yates ; illustrated by Nora S. Unwin.
260 ## - PUBLICATION, DISTRIBUTION, ETC.
Place of publication, distribution, etc. New York :
Name of publisher, distributor, etc. Puffin Books,
Date of publication, distribution, etc. 2007
300 ## - PHYSICAL DESCRIPTION
Extent 181 pages :
Other physical details illustrations ;
Dimensions 20 cm
490 0# - SERIES STATEMENT
Series statement Puffin Newbery library
500 ## - GENERAL NOTE
General note Reprint. Originally published: New York : Dutton, 1950.
505 ## - FORMATTED CONTENTS NOTE
Formatted contents note Z
520 ## - SUMMARY, ETC.
Summary, etc. The life of the eighteenth-century African prince who, after being captured by slave traders, was brought to Massachusetts where he was a slave until he was able to buy his freedom at the age of sixty.
521 ## - TARGET AUDIENCE NOTE
Target audience note 1090 <br/>
Source Lexile
521 ## - TARGET AUDIENCE NOTE
Target audience note Z <br/>
Source Raz-Plus
650 #0 - SUBJECT ADDED ENTRY--TOPICAL TERM
Topical term or geographic name entry element African Americans
Geographic subdivision Massachusetts
Form subdivision Biography
-- Juvenile literature.
650 #0 - SUBJECT ADDED ENTRY--TOPICAL TERM
Topical term or geographic name entry element Enslaved persons
Geographic subdivision Massachusetts
Form subdivision Biography
-- Juvenile literature.
650 #1 - SUBJECT ADDED ENTRY--TOPICAL TERM
Topical term or geographic name entry element African Americans
Form subdivision Biography.
650 #1 - SUBJECT ADDED ENTRY--TOPICAL TERM
Topical term or geographic name entry element Slaves.
700 1# - ADDED ENTRY--PERSONAL NAME
Personal name Unwin, Nora Spicer
Dates associated with a name 1907- 1982.
Relator term illustrator
906 ## - LOCAL DATA ELEMENT F, LDF (RLIN)
a 7
b cbc
c orignew
d 1
e ocip
f 19
g y-gencatlg
942 ## - ADDED ENTRY ELEMENTS (KOHA)
Source of classification or shelving scheme Dewey Decimal Classification
Koha item type Books
Suppress in OPAC No
999 ## -
-- 1634
-- 1634
Holdings
Withdrawn status Lost status Source of classification or shelving scheme Damaged status Not for loan Collection Home library Current library Shelving location Date acquired Total Checkouts Full call number Barcode Date last seen Price effective from Koha item type
    Dewey Decimal Classification     Fiction Footprints International School Library Network Toul Kork Campus Footprints International School Library Network Toul Kork Campus   09/12/2023   YAT 974.400496073024 E185.F73 FISTK00321 09/12/2023 09/12/2023 Books